| 000 | 00377nam a2200109Ia 4500 | ||
|---|---|---|---|
| 008 | 160531s9999 xx 000 0 und d | ||
| 100 | _aMeis, Laura. | ||
| 245 | _aFamily Involved Psychosocial Treatments for Adult Mental Health Conditions | ||
| 245 | _cby Laura Meis, et al. | ||
| 260 | _c2012 | ||
| 856 | _uhttp://www.ncbi.nlm.nih.gov/books/NBK117205/pdf/Bookshelf_NBK117205.pdf | ||
| 999 |
_c295483 _d295483 |
||